| 000 | 00692nam a22002057a 4500 | ||
|---|---|---|---|
| 003 | OSt | ||
| 005 | 20260601193903.0 | ||
| 008 | 260508b1987 nyu||||| |||| 00| 0 eng d | ||
| 020 | _a 0442259816 | ||
| 040 |
_aICI _bSPA _cICI |
||
| 050 |
_a NA2750 _b L36 |
||
| 100 |
_a Lang, Jon T., _eautor _934150 |
||
| 245 |
_aCreating architectural theory : _bThe role of the behavioral sciences in environmental design / _cJon Lang |
||
| 300 |
_a278 páginas _bIlustraciones |
||
| 650 |
_a Psicología ambiental _934151 |
||
| 650 |
_aArquitectura _xFactores humanos _93247 |
||
| 650 |
_aDiseño arquitectónico _xAspectos psicológicos _934152 |
||
| 942 |
_2lcc _cB _n1 |
||
| 999 |
_c22304 _d22304 |
||